Stanovenie očakávaného výnosu aktíva
Príspevok je orientovaný na prehľad modelov používaných na stanovenie očakávaného výnosu. Uvedená hodnota výrazne ovplyvňuje rozhodovanie investorov pri rozhodovaní o alokácií aktív. Danou problematikou sa zaoberalo mnoho autorov, avšak pri riešení modelov výberu portfólia sa aj súčasnosti využíva s...
Na minha lista:
| Autor principal: | |
|---|---|
| Formato: | Capítulo de Livro |
| Idioma: | eslovaco |
| Assuntos: | |
| Tags: |
Sem tags, seja o primeiro a adicionar uma tag!
|
MARC
| LEADER | 00000nla a2200000 4500 | ||
|---|---|---|---|
| 001 | 0209727 | ||
| 005 | 20240502073504.5 | ||
| 041 | 0 | |a slo | |
| 044 | |a SK | ||
| 245 | 1 | 0 | |a Stanovenie očakávaného výnosu aktíva |c Juraj Pekár |
| 520 | |a Príspevok je orientovaný na prehľad modelov používaných na stanovenie očakávaného výnosu. Uvedená hodnota výrazne ovplyvňuje rozhodovanie investorov pri rozhodovaní o alokácií aktív. Danou problematikou sa zaoberalo mnoho autorov, avšak pri riešení modelov výberu portfólia sa aj súčasnosti využíva stredná hodnota, ktorú autor rozoberá v poslednej časti príspevku. | ||
| 610 | 2 | 0 | |a portfólio |
| 610 | 2 | 0 | |a výnosy |
| 610 | 2 | 0 | |a modelovanie |
| 100 | 1 | |a Pekár, Juraj, 1972- | |